Music Quiz

Random Music or Album Quiz

Songs on London Calling Quiz Stats

 Plays Quiz Updated Mar 25, 2020

     
Support Sporcle.
Go Orange.
Score 0/19 Timer 10:00
0 Plays Today
Side Song % Correct
Side 1London Calling
99.4%
Side 4Train in Vain (Stand by Me)
79.6%
Side 2Lost in the Supermarket
74.3%
Side 2The Guns of Brixton
69.6%
Side 1Brand New Cadillac
67.5%
Side 2Spanish Bombs
67.1%
Side 1Jimmy Jazz
66.6%
Side 1Rudie Can't Fail
60.2%
Side 3Koka Kola
57.3%
Side 2Clampdown
56.1%
Side Song % Correct
Side 3The Card Cheat
52.2%
Side 4Revolution Rock
51.9%
Side 1Hateful
50.9%
Side 3Death or Glory
49.5%
Side 4Lover's Rock
48.3%
Side 3Wrong 'Em Boyo
47.9%
Side 4Four Horsemen
46.4%
Side 2The Right Profile
43.3%
Side 4I'm Not Down
39.5%

From the Vault

Know It: Literature IV

by BanjoZebra

This is really down to how much you paid attention in high school literature class.
Remove Ads.
Support Sporcle.
Get the best of Sporcle when you Go Orange. This ad-free experience offers more features, more stats, and more fun while also helping to support Sporcle. Thank you for becoming a member.

Show Comments

Extras

Top Quizzes Today


Score Distribution

Your Account Isn't Verified!

In order to create a playlist on Sporcle, you need to verify the email address you used during registration. Go to your Sporcle Settings to finish the process.

Report this User

Report this user for behavior that violates our Community Guidelines.

Details: